| 000 | 00709nam a2200241 a 4500 | ||
|---|---|---|---|
| 001 | 000023661 | ||
| 005 | 20200930022359.0 | ||
| 008 | 101216s2002 sp ab 000 f spa d | ||
| 020 | _a8439592612 | ||
| 040 |
_aDO-SdBNP _bspa _cBNPHU |
||
| 082 |
_a863.64 _bD353h |
||
| 100 | 1 |
_aDelibes, Miguel, _d1920-2010 _93297 |
|
| 245 | 1 | 3 |
_aEl hereje / _cMiguel Delibes. |
| 260 |
_aBarcelona : _bPlaneta DeAgostini, _c2002. |
||
| 300 |
_av. : _bil. , mapas ; _c24 cm. |
||
| 490 | 1 | _aBiblioteca Miguel Delibes | |
| 500 | _aLa biblioteca posee el volumen 1 | ||
| 650 | 4 |
_aNovela espaƱola _91123 |
|
| 650 | 4 |
_aLiteratura espaƱola _9632 |
|
| 830 | 0 |
_aBiblioteca Miguel Delibes _948746 |
|
| 910 | _aWM | ||
| 049 | _aBNGR | ||
| 999 |
_c23157 _d23157 |
||